| 000 | 04190nam0a2200469 4500 | ||
|---|---|---|---|
| 001 | RU\NLR\BIBL_A\012872640 | ||
| 005 | 20221012134241.0 | ||
| 010 |
_a978-5-4437-1320-5 _950 |
||
| 021 |
_aRU _bКН-П-22-040021 _9КН-П-22-3454 |
||
| 035 | _a(NLR Aleph) 012872640 | ||
| 035 | _a(RuMoRGB)011118684 | ||
| 090 |
_a12494130 _c12494130 |
||
| 100 | _a20220822d2022 k y0rusy50 ca | ||
| 101 | 0 | _arus | |
| 102 | _aRU | ||
| 105 | _aac z 000zy | ||
| 181 | 0 |
_ai _baxxe |
|
| 182 | 0 | _an | |
| 200 | 1 |
_aПетрология и рудоносность магматических формаций _eматериалы научной конференции, 25-29 апреля 2022 года _eконференция посвящена памяти член-корреспондента АН СССР и РАН Глеба Владимировича Полякова и профессора Александра Геннадьевича Владимирова _fРоссийская академия наук, Сибирское отделение, Институт геологии и минералогии имени В. С. Соболева |
|
| 203 |
_aТекст _bвизуальный _cнепосредственный |
||
| 210 |
_aНовосибирск _cИздательско-полиграфический центр НГУ _d2022 |
||
| 215 |
_a234 с. _cил. _d29 |
||
| 320 | _aБиблиогр. в конце докл. | ||
| 330 | _aВ сборнике представлены труды научной конференции, в которой были рассмотрены новейшие результаты исследований вопросов петрологии, геодинамики и рудного потенциала магматических формаций. Опубликованные в сборнике материалы посвящены следующим научным направлениям: 1) магматические комплексы - индикаторы эволюции литосферы кратонов и складчатых областей; 2) вопросы мантийно-корового взаимодействия и проблемы формирования сложных магматических серий; 3) физико-химические закономерности петрогенезиса магматических пород; 4) рудно-магматические системы черных, цветных, благородных и редких металлов - проблемы формирования и эволюции | ||
| 600 | 1 |
_aПоляков _bГ. В. _f1931 - 2021 _gГлеб Владимирович _92529333 _3RU\NLR\AUTH\6601712238 |
|
| 600 | 1 |
_aВладимиров _bА. Г. _f1954 - 2022 _gАлександр Геннадьевич _92529339 _3RU\NLR\AUTH\6601712241 |
|
| 606 | 1 |
_aМагматические комплексы _jСъезды, совещания и т.п _xПетрография _91632703 _3RU\NLR\AUTH\66721278 |
|
| 606 | 1 |
_aМагматические комплексы _jСъезды, совещания и т.п _xРудоносность _92529329 _3RU\NLR\AUTH\6601712236 |
|
| 675 |
_a552.11(082) _v4 |
||
| 686 | 1 | _aД3д(2)Поляков | |
| 686 | 1 | _aД3д(2)Владимиров | |
| 686 | 1 | _aД342я431 | |
| 686 | 1 | _aД451-24я431 | |
| 701 | 1 |
_aВладимиров _bА. Г. _gАлександр Геннадьевич _4280 |
|
| 702 | 1 |
_4280 _aПоляков _bГ. В. _cд-р геол.-минерал. наук _f1931- _gГлеб Владимирович _9137565 _3RU\NLR\AUTH\770137600 |
|
| 711 | 1 | 2 |
_a"Петрология и рудоносность магматических формаций", научная конференция _eНовосибирск _f2022 _9807636 _3RU\NLR\AUTH\880570704 |
| 712 | 0 | 2 |
_4570 _aИнститут геологии и минералогии им. В. С. Соболева _cНовосибирск _9744667 _3RU\NLR\AUTH\8810123451 |
| 942 | _cBOOK | ||
| 980 | _aNB | ||